Strukturální fondy Evropské unie a vzdělávání

Štrukturálne fondy Európskej únie ako podporné finančné prostriedky, ktoré sú súčasťou spoločného rozpočtu EÚ, tvorené príspevkami členských krajín. Pre odstraňovanie nepriaznivých regionálnych rozdielov bola sformulovaná tzv. Európska regionálna a štrukturálna politika. Finančná pomoc v rámci štruk...

Full description

Saved in:
Bibliographic Details
Main Author: Ungár, Jan
Format: Book Chapter
Language:Czech
Subjects:
Tags: Add Tag
No Tags, Be the first to tag this record!

MARC

LEADER 00000naa a2200000 4500
001 r043378
005 20230919103635.2
041 0 |a cze 
044 |a CZ 
245 1 0 |a Strukturální fondy Evropské unie a vzdělávání  |c Jan Ungár 
520 |a Štrukturálne fondy Európskej únie ako podporné finančné prostriedky, ktoré sú súčasťou spoločného rozpočtu EÚ, tvorené príspevkami členských krajín. Pre odstraňovanie nepriaznivých regionálnych rozdielov bola sformulovaná tzv. Európska regionálna a štrukturálna politika. Finančná pomoc v rámci štrukturálnych fondov v oblasti školstva, vzdelávania a zvlášť terciárneho vzdelávania a vzdelávania dospelých. Stanovenie cieľov pre roky 2000-2006. Charakteristika vybraných štrukturálnych fondov, z ktorých smeruje pomoc na národné či regionálne orgány zodpovedné za riadenie rozvojových programov pred vstupom krajín do EÚ. 
610 2 0 |a fondy štruktúrne 
610 2 0 |a Európska únia 
610 2 0 |a pomoc finančná 
610 2 0 |a vzdelanie 
610 2 0 |a programy rozvojové 
610 2 0 |a zdroje finančné 
610 2 0 |a politika štruktúrna 
610 2 0 |a rozvoj regionálny 
100 1 |a Ungár, Jan